000 00612cam4a220021700 4500
001 zam00003382
008 951128s1973 xx eng u
035 _a(Sirsi) r20710
035 _a(MACHINE)SLC.
100 _aLawler, E. D.
_6A82134.1
245 1 0 _aMotivation in work organizations.
260 _c1973.
949 _aHF5548.8Law
_wlcc
_mMAIN
_tBOOK
_lON-SHELF
004 20710
591 _aClass code: PS 450.
591 _aCourse: Industrial organisational psychology.
591 _aSchool: S05.
591 _aLecturer: Ms. SRINIVASAN, G.
591 _aNumber of Students: 8.
909 _aBook
999 _c171898
_d171898